000 00413nam a22001697a 4500
005 20160517154206.0
008 160517b xxu||||| |||| 00| 0 eng d
020 _a978-0-07-061563-2
041 _aeng
082 _b2565
100 _aWayne F. Cascio
_9617
245 _aManaging Human Resources
260 _aNew Delhi
_bTata McGraw Hill Ltd.
_c2006
300 _a671
650 _aManagement
_9241
942 _cBK
999 _c944
_d944